1419 1499 1759 1566 1926 1217 1495 1950 1730 1050 1882 1293 1380 1441 1038 1938 1987 1844 1557 1428 1872 1826 1312 1002 1976 1329 1356 1614 1310 1255 1950 1806 1629 1681 1059 1668 1755 1298 1268 1109 1354 1100 1059 1445 1769 1718 1894 1654 1174 1708 1445 1165 1869 1267 1765 1381 1814 1828 1195 1243 1975 1683 1485 1391 1673 1893 1474 1317 1522 1480 1960 1404 1341 1648 1506 1501 1852 1349 1521 1996 1840 1311 1948 1657 1212 1755 1998 1946 1391 1876 1484 1378 1561 1673 1468 1276 1557 1622 1214 BCNSPRNW ULIB Ver.6.0+V

เปลี่ยนเป็นภาษาไทย

Change to English
 แสดงรายละเอียดบรรณานุกรม
  กลับหน้าหลัก

Brief Record : Get Marc (ISO 2709) : E-mail record : QR code < ปิดหน้าต่าง
LEADER : 00000nam 2200000uu 4500
001    13399108930
003     ULIB
008    110316s2544||||th 000 0 tha d
060  4 WA19^bพ366ค 2544
110 1  กระทรวงสาธารณสุข^bสำนักงานปลัดกระทรวง^bสถาบันพระบรมราชชนก
245 10 คู่มือปฏิบัติการจัดการศึกษาสำหรับวิทยาลัยในสังกัดสถาบันพระบรมราชชนก/^cสถาบันพระบรมราชชนก
260    นนทบุรี:^bสถาบันพระบรมราชชนก,^c2544
300    128 หน้า
650  7 สถาบันพระบรมราชชนก
945    ^p0^l0^i016587
945    ^p0^l0^i016588
995    ทศพร
999 ^a ใช้งานได้ทุกระบบ
รายการนี้ยังไม่มีแท็ก
คุณยังไม่ได้ล็อกอิน คุณสามารถมีกิจกรรมร่วมกับเว็บไซต์ได้ แต่ต้องล็อกอินก่อน ::
  ล็อกอิน

รายการสื่อสารสนเทศ

ลำดับที่ ประเภท เลขเรียก/บาร์โค้ด สถานที่ สถานะ
- ไม่พบข้อมูล -

รายการใกล้เคียง
    หัวเรื่อง [สถาบันพระบรมราชชนก]

BibComment


ยังไม่เคยถูกคอมเมนท์

คอมเมนท์ทรัพยากรรายการนี้
  คอมเมนท์: คู่มือปฏิบัติการจ..


 Copyright 2026. Bcnsprnw @Library